000 00202 a2200097 4500
001 36531
100 _aMirza Adeeb
245 _aSatawa Chirgh
260 _a
_bMaqbool Academy
_c
090 _c23612
_d23612
942 _aNUST-CAE
_cM
_c15128
999 _c271604
_d271604